Historia del Arte: el Arte al través de la Historia
Збережено в:
| Автор: | |
|---|---|
| Формат: | Книга |
| Мова: | Іспанська |
| Опубліковано: |
Barcelona
Salvat
1914
|
| Редагування: | 1a. ed |
| Предмети: | |
| Теги: |
Додати тег
Немає тегів, Будьте першим, хто поставить тег для цього запису!
|
MARC
| LEADER | 00000cam a2200000 a 4500 | ||
|---|---|---|---|
| 001 | UCC2959 | ||
| 003 | CL-VaPUC | ||
| 008 | 180329e19140000sp |||||||||||||||||spa|d | ||
| 082 | 0 | 4 | |a 700.9 |b PIJ |2 21 |
| 100 | 0 | |a Pijoan, José |e author |9 596940 | |
| 245 | 1 | 0 | |a Historia del Arte: el Arte al través de la Historia |
| 250 | |a 1a. ed | ||
| 300 | |a t | ||
| 942 | |c BK | ||
| 945 | |d 20180329 11:34:00 |a dcastane | ||
| 260 | |a Barcelona |b Salvat |c 1914 | ||
| 650 | 0 | |a Historia del arte |9 314877 | |
| 650 | 0 | |a Obras de arte |9 337253 | |
| 650 | 0 | |a Bellas artes |9 334299 | |
| 583 | |a last modification |c 20180329 11:34:00 |k Rodrigo Vera | ||
| 999 | |c 370835 |d 370833 | ||
| 952 | |0 0 |1 0 |3 erd |4 0 |6 700_900000000000000_PIJ_1914 |7 0 |8 F |9 487506 |a BIBART |b BIBART |h t.1 |i 5456673 |o 700.9 PIJ 1914 |p 5456673 |r 2025-03-13 |w 2019-11-24 |y BK_F |z Catalogado en:20180329 |k ART | ||
| 952 | |0 0 |1 0 |3 erd |4 0 |6 700_900000000000000_PIJ_1914 |7 0 |8 F |9 487507 |a BIBART |b BIBART |h t.2 |i 5456681 |o 700.9 PIJ 1914 |p 5456681 |r 2025-03-13 |w 2019-11-24 |y BK_F |z Catalogado en:20180329 |k ART | ||
| 952 | |0 0 |1 0 |3 erd |4 0 |6 700_900000000000000_PIJ_1914 |7 0 |8 F |9 487508 |a BIBART |b BIBART |h t.3 |i 545669K |o 700.9 PIJ 1914 |p 545669K |r 2025-03-13 |w 2019-11-24 |y BK_F |z Catalogado en:20180329 |k ART | ||